书目信息 |
| 题名: |
可持续发展与经济结构
|
|
| 作者: | 王慧炯...[等] 著 | |
| 分册: | ||
| 出版信息: | 北京 科学出版社 1999.1 |
|
| 页数: | 343页 | |
| 开本: | 16开 | |
| 丛书名: | ||
| 单 册: | ||
| 中图分类: | F061.3 | |
| 科图分类: | ||
| 主题词: | 经济学--分支科学 | |
| 电子资源: | ||
| ISBN: | 7-03-006934-X | |
| 000 | 00580nam0 2200193 45 | |
| 001 | 0103221670 | |
| 005 | 20031219104049.1 | |
| 010 | @a7-03-006934-X@dCNY35.00 | |
| 100 | @a20010322d1999 km y0chiy0120 ea | |
| 101 | 0 | @achi |
| 105 | @a z 000yy | |
| 200 | 1 | @a可持续发展与经济结构@AKe Chi Xu Fa Zhan Yu Jing Ji Jie Gou@f王慧炯...[等]著@FWang Hui Jiong...[Deng]Zhu |
| 210 | @a北京@c科学出版社@d1999.1 | |
| 215 | @a343页@d16开 | |
| 606 | 0 | @a经济学@x分支科学 |
| 690 | @aF061.3@v3 | |
| 701 | 0 | @a王慧炯...[等]@4著 |
| 801 | @aCN@bTSTC@c20010322 | |
| 905 | @b295889-893@dF061.3@e14@f5 | |
| 可持续发展与经济结构/王慧炯...[等]著.-北京:科学出版社,1999.1 |
| 343页;16开 |
| ISBN 7-03-006934-X:CNY35.00 |
| ● |
| 相关链接 |
|
|
|
|
正题名:可持续发展与经济结构
索取号:F061.3/14
 
预约/预借
| 序号 | 登录号 | 条形码 | 馆藏地/架位号 | 状态 | 备注 |
| 1 | 0295889 | 002958892 | 第一借阅区/ [索取号:F061.3/14] | 在馆 | |
| 2 | 0295890 | 002958909 | 第一借阅区/ [索取号:F061.3/14] | 在馆 | |
| 3 | 0295891 | 002958918 | 第一借阅区/ [索取号:F061.3/14] | 在馆 | |
| 4 | 0295892 | 002958927 | 第一借阅区/ [索取号:F061.3/14] | 在馆 | |
| 5 | 0295893 | 002958936 | 第一样本阅览室/ [索取号:F061.3/14] | 在馆 |